Lao màng não, lao màng ngoài tim, lao màng bụng

Spremljeno u:
Bibliografski detalji
Glavni autor: Hoàng Minh
Format: Knjiga
Jezik:Undetermined
Izdano: h. Y Học 2002
Teme:
Oznake: Dodaj oznaku
Bez oznaka, Budi prvi tko označuje ovaj zapis!
Thư viện lưu trữ: Trung tâm Học liệu Trường Đại học Cần Thơ
LEADER 00574nam a2200193Ia 4500
001 CTU_52331
008 210402s9999 xx 000 0 und d
020 |b 34000 
082 |a 616.995 
082 |b M312 
100 |a Hoàng Minh 
245 0 |a Lao màng não, lao màng ngoài tim, lao màng bụng 
245 0 |c Hoàng Minh 
260 |a h. 
260 |b Y Học 
260 |c 2002 
650 |a nervous system,cardiovascular system,digestive system 
650 |x tuberculosis,tuberculosis,tuberculosis 
980 |a Trung tâm Học liệu Trường Đại học Cần Thơ